00773nam a2200193Ia 450000500170000000800410001702000150005805000240007310000440009724500720014125000180021326000320023130000240026350000960028750400360038350501010041965000370052065000220055720231102151238.0120720s2000 mx 000 0 spa d a9686356398 aHG3769.M4bD38 200010aDávalos Mejía, Carlos Felipeeautor aQuiebra y Suspensión de pagosc / Carlos Felipe Dávalos Mejía a2a. edición aMéxicob : Oxfordc, 2000 alvii, 178 páginas aIncluye: índice de tesis citadas (pp. 1133-1134) Incluye: índice onomástico (p. 1135) aBibliografía (pp. 1131-1132)  aTítulos de Crédito Derecho Bancario y Contratos de Crédito Quiebra y Suspención de Pagos14aDOCUMENTOS NEGOCIABLESzMÉXICO24aQUIEBRAzMÉXICO